| 000 | 01388nam a2200277 a 4500 | ||
|---|---|---|---|
| 005 | 20250429224203.0 | ||
| 008 | 071218s2021 ag a gr 000 0 spa d | ||
| 020 | _a9789585915138 | ||
| 040 |
_aCO-CtgCURN _bspa _ccoctgcurn |
||
| 043 | _as-co--- | ||
| 082 | 0 | 4 |
_a361.3 _bC755 _221 |
| 110 | 2 | _aConsejo Nacional de Trabajo Social y Conets. | |
| 245 | 1 | 0 |
_aCondiciones laborales de las y los trabajadores sociales en Colombia : _binvestigación realizada entre 2020 y 2021 / _cEquipo de trabajo Guillermo Antonio Correa Montoya; Nora Eugenia Muñoz Franco; Diego Enrique Vélez Gómez. |
| 260 | 3 |
_aBogotá : _bConsejo Nacional de Trabajo Social, _c2021. |
|
| 300 |
_a196 páginas : _bilustrado con cuadros estadísticos ; _c20 cm. |
||
| 504 | _aIncluye bibliografías p.166. | ||
| 650 | 0 |
_aTrabajadores sociales _xCondiciones sociales _zColombia. |
|
| 650 | 0 |
_aTrabajadores sociales _xCondiciones econm̤icas _zColombia. |
|
| 650 | 0 |
_aTrabajo social _zColombia. |
|
| 700 | 1 |
_aCorrea Montoya, Guillermo Antonio, _edirector. |
|
| 700 | 1 |
_aMuñoz Franco, Nora Eugenia, _ecoordinadora. |
|
| 700 | 1 |
_aVélez Gómez, Diego Enrique, _eestadístico. |
|
| 856 | 7 | _uhttps://www.consejonacionaldetrabajosocial.org.co/condiciones-laborales-de-las-y-los-trabajadores-sociales-en-colombia/ | |
| 942 |
_2ddc _aMHC _cBK _h361.3 _iC755 |
||
| 999 |
_c42124 _d42124 |
||